| 000 | 00608nam a2200229Ia 4500 | ||
|---|---|---|---|
| 008 | 160803s9999 xx 000 0 und d | ||
| 020 | _a0 1559718544 | ||
| 100 | _aCrisp, Marty | ||
| 245 | _aEverything dog : | ||
| 245 | _bwhat kids really want to know about dogs / | ||
| 245 | _cby Marty Crisp. | ||
| 260 | _aNew York : | ||
| 260 | _bScholastic Inc. | ||
| 260 | _c2003 | ||
| 300 | _a63 pages : | ||
| 300 | _bchiefly color illustrations ; | ||
| 300 | _c24 cm. | ||
| 650 | _aDogs -- Miscellanea -- | ||
| 650 | _aQuestions and answers. | ||
| 650 | _xJuvenile literature. | ||
| 700 | _a1000 | ||
| 999 |
_c299107 _d299107 |
||